Biggest US cities during the Iraq War Started - Statistics

General Stats
  • This quiz has been taken 37 times
  • The average score is 9 of 10
Answer Stats
Hint Answer % Correct
3,694,820 Los Angeles
100%
8,008,278 New York City
100%
2,896,016 Chicago
94%
1,953,631 Houston
94%
1,188,580 Dallas
91%
1,517,550 Philadelphia
84%
1,321,045 Phoenix
84%
1,223,400 San Diego
78%
951,270 Detroit
75%
1,144,646 San Antonio
72%
No matching quizzes found
Score Distribution
Percent of People with Each Score
Percentile by Number Answered
Your Score History
You have not taken this quiz